|
|
|
|
| LEADER |
00000ny a22000003n 4500 |
| 005 |
20110606135819.0 |
| 008 |
080722s1988 sp s 000 0 spa c |
| 020 |
|
|
|a 8471305941
|
| 035 |
|
|
|a 762
|
| 040 |
|
|
|a UMA.RE
|d vLex
|
| 080 |
|
|
|a 347(460)(0.034)
|
| 090 |
|
|
|c 495
|d 495
|
| 245 |
0 |
0 |
|a Comentarios al Cd̤igo Civil y Compilaciones Forales
|h [Recurso electrn̤ico]
|c dirigidos por Manuel Albaladejo
|
| 256 |
|
|
|a Servicio en ln̕ea
|
| 260 |
|
|
|a [Madrid] :
|b Edersa,
|c 1988
|
| 505 |
0 |
|
|t Tomo XXXIV, Vol. 2©Œ, Artc̕ulos 119 al final de la Compilacin̤ de Aragn̤ /
|r comentados por Jos ̌Luis Merino Hernǹdez
|
| 506 |
1 |
|
|a Contenido solo disponible en los productos indicados
|d vLex Global
|d vLex Global (Academic Edition, excluding Law Schools)
|d vLex Global (U.S. Academic Edition, Law Schools)
|d vLex Global (U.S. Academic Edition, excluding Law Schools)
|d vLex Global (Academic Edition, Law Schools)
|
| 650 |
0 |
7 |
|2 Tesauro vLex
|a Civil
|
| 650 |
0 |
7 |
|2 Tesauro vLex
|a Cd̤igo civil
|
| 650 |
0 |
7 |
|2 Tesauro vLex
|a Derecho foral de Aragn̤
|
| 700 |
1 |
|
|a Albaladejo Garca̕, Manuel,
|e dir
|
| 700 |
1 |
|
|a Merino Hernǹdez, Jos ̌Luis,
|e com
|
| 740 |
0 |
|
|a vLex Libros (Servicios en ln̕ea)
|
| 856 |
4 |
0 |
|z Acceso restringido
|u http://vlex.com/source/762
|
| 942 |
|
|
|c BOOK
|